Normal view
MARC view
Entry Personal Name
001 - CONTROL NUMBER
- control field: 22694
003 - CONTROL NUMBER IDENTIFIER
- control field: ARRUPE
005 - DATE AND TIME OF LATEST TRANSACTION
- control field: 20160302151923.0
008 - FIXED-LENGTH DATA ELEMENTS
- fixed length control field: 160302|| aca||aabn | a|a d
040 ## - CATALOGING SOURCE
- Original cataloging agency: ARRUPE
- Transcribing agency: ARRUPE
100 ## - HEADING--PERSONAL NAME
- Personal name: Purcell, William
670 ## - SOURCE DATA FOUND
- Source citation: Work cat.: (ARRUPE): Purcell, William, Ten social reformers, 1987